Underwood's Pathology : (Record no. 8493)
[ view plain ]
| 000 -LEADER | |
|---|---|
| fixed length control field | 00902cam a2200229Ia 4500 |
| 020 ## - INTERNATIONAL STANDARD BOOK NUMBER | |
| ISBN | 9780702046728 |
| 020 ## - INTERNATIONAL STANDARD BOOK NUMBER | |
| ISBN | 0702046728 |
| 020 ## - INTERNATIONAL STANDARD BOOK NUMBER | |
| ISBN | 9780702046735 |
| 050 00 - CALL NUMBER | |
| Classification number | RB113 |
| Item number | .Un2 |
| 245 00 - TITLE | |
| Title | Underwood's Pathology : |
| Remainder of title | a clinical approach / |
| Statement of responsibility, etc | edited by Simon S. Cross ; illustrations and chapter icons by Robert Britton and Antbits Ltd. |
| 250 ## - EDITION | |
| Edition statement | Sixth edition. |
| 260 ## - PUBLICATION INFORMATION | |
| Place of publication | New York |
| Name of publisher | Churchill Livingstone Elsevier |
| Year of publication | 2013 |
| 300 ## - DESCRIPTION | |
| Number of Pages | xviii, 769 pages : |
| Other physical details | color illustrations ; |
| Dimensions | 28 cm. |
| 500 ## - NOTES | |
| General note | Revised edition of: General and systematic pathology / edited by J.C.E. Underwood, S.S. Cross. 5th edition 2009.<br/>Include index. |
| 505 ## - FORMATTED CONTENTS NOTE | |
| Table of Content | Pt.1. Basic pathology <br/>Pt.2. Disease Mechanism<br/>Pt.3. Systematic Pathology |
| 650 #0 - SUBJECTS | |
| Topical Term | Pathology |
| 700 1# - OTHER AUTHORS | |
| Personal name | Cross, Simon S. |
| 700 1# - OTHER AUTHORS | |
| Personal name | Underwood, J. C. E. |
| 700 1# - OTHER AUTHORS | |
| Personal name | Underwood, J. C. E. |
| 942 ## - ADDED ENTRY ELEMENTS (KOHA) | |
| Koha item type | Books |
| Withdrawn status | Lost status | Collection code | Home library | Current library | Shelving location | Date acquired | Source of acquisition | Full call number | Accession Number | Koha item type |
|---|---|---|---|---|---|---|---|---|---|---|
| Reference | Methodist University Library Main | Methodist University Library Main | General Stacks | 09/09/2025 | University of Ghana Book Shop (Main) | RB113 .Un2 | 9094 | Books | ||
| Reference | Methodist University Library Main | Methodist University Library Main | General Stacks | 09/09/2025 | University of Ghana Book Shop (Main) | RB113 .Un2 | 9093 | Books |